[Event "Mumbai Wealth op U13"]
[Site "Mumbai"]
[Date "2016.02.03"]
[Round "7"]
[White "Kamdar, Hanel"]
[Black "Shah, Viha"]
[Result "1/2-1/2"]
[WhiteElo "1020"]
[BlackElo "1216"]
[PlyCount "37"]
[EventDate "2016.01.28"]
[EventType "swiss"]
[EventRounds "9"]
[EventCountry "IND"]
[SourceTitle "CBM 170 Extra"]
[Source "ChessBase"]
[SourceDate "2016.02.25"]
[SourceVersion "1"]
[SourceVersionDate "2016.02.25"]
[SourceQuality "1"]

1. e4 c5 2. Nf3 e6 3. Nc3 a6 4. Bc4 Qc7 5. a3 Nc6 6. d3 Nf6 7. Bg5 Be7 8. 0-0 0-0 9. Re1 d6 10. Nh4 h6 11. Be3 b5 12. Ba2 Bd7 13. Qf3 Rac8 14. Qg3 Nh5 15. Qf3 Nf6 16. Qg3 Nh5 17. Qf3 Nf6 18. Qg3 Nh5 19. Qf3 1/2-1/2